000 00395nam a2200181Ia 4500
005 20240823041917.0
008 240823s9999||||xx |||||||||||||| ||und||
041 _aURUDU
082 _A301 P7
100 _athirugnanasambandam
245 0 _aSociology
250 _a1st
260 _c2007
_bsujatha Pr
500 _aTRANSFERED
650 _aUrdu
_bGeneral
942 _cBK
999 _c206630
_d206630